00380 a2200109 450000500170000002000220001708200220003911100340006124500900009526000510018530000340023620250609080657.0 a978-9976-9909-2-8 aREF 340.029 TLS aTanganyika Law Society (TLS) aTanganyika Law Society : Directory of Members, Law Firms and other Stakeholders aDar es Salaam,bTanganyika Law Society,c2016. a263p.: Ill.; pictures.c25cm.